Las reformas del código civil por leyes de 13 de mayo y 7 de julio de 1981

Shranjeno v:
Bibliografske podrobnosti
Korporativna značnica: Ministerio de Justicia (Author)
Format: Knjiga
Jezik:španščina
Izdano: Madrid Instituto Nacional de Estudios Jurídicos 1983
Teme:
Oznake: Označite
Brez oznak, prvi označite!

MARC

LEADER 00000nam a2200000 a 4500
001 UCP4591
003 CL-VaPUC
008 990806e19830000SP |||||||||||||||||spa|d
082 0 4 |a 346.017  |b MIN  |2 21 
110 2 |a Ministerio de Justicia  |e author  |9 432144 
245 1 4 |a Las reformas del código civil por leyes de 13 de mayo y 7 de julio de 1981 
300 |a 209 p 
942 |c BK 
945 |d 19990806 00:00:00  |a vberengu 
260 |a Madrid  |b Instituto Nacional de Estudios Jurídicos  |c 1983 
650 0 |a Derecho español  |9 255291 
650 0 |a Código civil  |9 256135 
650 0 |a Divorcio  |9 256204 
650 0 |a Filiación  |9 256647 
650 7 |a MATRIMONIO  |2 CL-VaPUC  |9 432145 
650 0 |a Patria potestad  |9 369365 
650 7 |a REGIMEN MATRIMONIAL  |2 CL-VaPUC  |9 367270 
650 0 |a Separación conyugal  |9 257481 
651 0 |a España  |9 254926 
583 |a last modification  |c 19990806 00:00:00  |k Rodrigo Vera 
999 |c 282502  |d 282500 
952 |0 0  |1 0  |4 0  |6 346_017000000000000_MIN_1983  |7 0  |8 A  |9 324319  |a BIBDER  |b BIBDER  |d 2019-11-20  |i 3546780  |o 346.017 MIN 1983  |p 3546780  |r 2023-01-25  |w 2019-11-20  |y BK  |k DER